| 000 | 00346nam a2200133Ia 4500 | ||
|---|---|---|---|
| 008 | 240624s9999 xx 000 0 und d | ||
| 041 | _aeng | ||
| 082 | _a330.0285 CHE | ||
| 100 | _aCHEN SHU HENG | ||
| 245 | _aCOMPUTATIONAL INTELLIGENCE IN ECONOMICS | ||
| 260 |
_c2007 _aNew York _bSpringer |
||
| 300 | _axiii, 227 p.; 23 cm. | ||
| 365 |
_cERU _b38 |
||
| 999 |
_c30488 _d30488 |
||